[Event "Sevilla Open 2018"]
[Site "Sevilla ESP"]
[Date "2018.01.18"]
[Round "7.12"]
[White "Ulybin, Mikhail"]
[Black "Schoorl, Rob"]
[Result "1/2-1/2"]
[WhiteElo "2519"]
[BlackElo "2275"]
[PlyCount "120"]
[EventDate "2018.01.12"]
[EventType "swiss"]
[EventRounds "9"]
[EventCountry "ESP"]
[SourceTitle "Ajedrez en Madrid"]
[Source "lmi"]
[SourceDate "2018.01.12"]
[SourceVersion "1"]
[SourceVersionDate "2018.01.25"]
[SourceQuality "1"]
[WhiteTeam "Rusia"]
[BlackTeam "Holanda"]
[WhiteTeamCountry "RUS"]
[BlackTeamCountry "NED"]

1. d4 Nf6 2. c4 g6 3. Nc3 Bg7 4. e4 d6 5. Nf3 O-O 6. Be2 c5 7. O-O cxd4 8. Nxd4
Nc6 9. Be3 Bd7 10. Rc1 Nxd4 11. Bxd4 Bc6 12. Qd3 a5 13. f4 Nd7 14. Bxg7 Kxg7
15. Kh1 Qb6 16. Bg4 Nf6 17. Bf3 Qc5 18. b3 Rac8 19. Rcd1 Rfe8 20. Rfe1 Red8 21.
Qe2 e5 22. Qd2 exf4 23. Qxf4 Qe5 24. Qd2 h5 25. Rf1 Re8 26. Rde1 Re6 27. Nd5 a4
28. b4 b5 29. c5 dxc5 30. bxc5 Rce8 31. Re2 Nxe4 32. Rxe4 Qxd5 33. Qc3+ f6 34.
Rxe6 Qxe6 35. Bxc6 Qxc6 36. Rf2 Re5 37. Rc2 Re4 38. Qa5 Rc4 39. Rxc4 bxc4 40.
h3 g5 41. Kh2 Kg6 42. Qb6 Qxb6 43. cxb6 c3 44. b7 c2 45. b8=Q c1=Q 46. Qe8+ Kf5
47. Qb5+ Kg6 48. Qe8+ Kf5 49. Qb5+ Kg6 50. Qxa4 Qc7+ 51. Kh1 Qc1+ 52. Kh2 Qc7+
53. Kg1 Qc1+ 54. Kf2 Qd2+ 55. Kf1 Qd3+ 56. Kg1 Qe3+ 57. Kf1 Qd3+ 58. Kf2 Qd2+
59. Kg3 Qe3+ 60. Kh2 Qe5+ 1/2-1/2

[Event "Sevilla Open 2018"]
[Site "Sevilla ESP"]
[Date "2018.01.18"]
[Round "7.13"]
[White "Calzetta Ruiz, Monica"]
[Black "Campora, Daniel H"]
[Result "0-1"]
[WhiteElo "2223"]
[BlackElo "2417"]
[PlyCount "86"]
[EventDate "2018.01.12"]
[EventType "swiss"]
[EventRounds "9"]
[EventCountry "ESP"]
[SourceTitle "Ajedrez en Madrid"]
[Source "lmi"]
[SourceDate "2018.01.12"]
[SourceVersion "1"]
[SourceVersionDate "2018.01.25"]
[SourceQuality "1"]
[WhiteTeam "España"]
[BlackTeam "Argentina"]
[WhiteTeamCountry "ESP"]
[BlackTeamCountry "ARG"]

1. e4 Nf6 2. e5 Nd5 3. d4 d6 4. Nf3 Nc6 5. exd6 exd6 6. c4 Nf6 7. Nc3 Be7 8.
Bd3 O-O 9. h3 d5 10. O-O Nb4 11. Be2 dxc4 12. Bxc4 Nbd5 13. Re1 c6 14. Bg5 Be6
15. Qb3 Rb8 16. Rac1 Re8 17. Ne5 h6 18. Bh4 Nh5 19. Bxe7 Rxe7 20. Nxd5 Bxd5 21.
Bxd5 Qxd5 22. Qxd5 cxd5 23. Re3 Nf4 24. Kf1 Rbe8 25. Nd7 Ne6 26. Nc5 Nxd4 27.
Rxe7 Rxe7 28. Rd1 Rc7 29. b4 b6 30. Na6 Rc4 31. a4 Kf8 32. a5 bxa5 33. bxa5 Ke7
34. g3 Kd6 35. Rb1 Ra4 36. Rb7 Rxa5 37. Rxa7 Ra1+ 38. Kg2 Nc6 39. Rxf7 Rxa6 40.
Rxg7 d4 41. Rg6+ Kc5 42. Rxh6 d3 43. Rh5+ Kc4 0-1

[Event "Sevilla Open 2018"]
[Site "Sevilla ESP"]
[Date "2018.01.19"]
[Round "8.1"]
[White "Dvirnyy, Danyyil"]
[Black "Swayams, Mishra"]
[Result "1/2-1/2"]
[WhiteElo "2534"]
[BlackElo "2432"]
[PlyCount "60"]
[EventDate "2018.01.12"]
[EventType "swiss"]
[EventRounds "9"]
[EventCountry "ESP"]
[SourceTitle "Ajedrez en Madrid"]
[Source "lmi"]
[SourceDate "2018.01.12"]
[SourceVersion "1"]
[SourceVersionDate "2018.01.25"]
[SourceQuality "1"]
[WhiteTeam "Italia"]
[BlackTeam "India"]
[WhiteTeamCountry "ITA"]
[BlackTeamCountry "IND"]

1. Nf3 Nf6 2. c4 g6 3. Nc3 Bg7 4. e4 d6 5. d4 O-O 6. Be2 e5 7. O-O Nbd7 8. Be3
exd4 9. Nxd4 Re8 10. Qc2 Nc5 11. f3 Nh5 12. Rad1 Ne6 13. Nxe6 Bxe6 14. Qd2 Nf6
15. Rfe1 Nd7 16. Nb5 Ne5 17. b3 Nc6 18. Nc3 f5 19. exf5 Bxf5 20. Nd5 Qd7 21.
Bf1 Qf7 22. h3 Kh8 23. g4 Be6 24. Bg2 Rf8 25. Nf4 Bd7 26. Nd5 Be6 27. Nf4 Bd7
28. Nd5 Be6 29. Nf4 Bd7 30. Nd5 Be6 1/2-1/2

[Event "Sevilla Open 2018"]
[Site "Sevilla ESP"]
[Date "2018.01.19"]
[Round "8.2"]
[White "Lei, Tingjie"]
[Black "Swapnil, S. Dhopade"]
[Result "1-0"]
[WhiteElo "2531"]
[BlackElo "2533"]
[PlyCount "50"]
[EventDate "2018.01.12"]
[EventType "swiss"]
[EventRounds "9"]
[EventCountry "ESP"]
[SourceTitle "Ajedrez en Madrid"]
[Source "lmi"]
[SourceDate "2018.01.12"]
[SourceVersion "1"]
[SourceVersionDate "2018.01.25"]
[SourceQuality "1"]
[WhiteTeam "China"]
[BlackTeam "India"]
[WhiteTeamCountry "CHN"]
[BlackTeamCountry "IND"]

1. e4 c6 2. Nc3 d5 3. Nf3 dxe4 4. Nxe4 Nf6 5. Qe2 Bf5 6. Nxf6+ gxf6 7. d4 Qd5
8. Be3 Bg4 9. c4 Qh5 10. O-O-O Nd7 11. Qd2 Bxf3 12. gxf3 e6 13. f4 a5 14. Be2
Qf5 15. Bd3 Qh5 16. f5 e5 17. dxe5 fxe5 18. Bc2 Rd8 19. Qxa5 Bh6 20. Qc7 Bxe3+
21. fxe3 Qg5 22. Kb1 Qe7 23. Qxb7 O-O 24. Rd2 e4 25. Qc7 Ra8 1-0

[Event "Sevilla Open 2018"]
[Site "Sevilla ESP"]
[Date "2018.01.19"]
[Round "8.3"]
[White "Kveinys, Aloyzas"]
[Black "Gleizerov, Evgeny"]
[Result "1/2-1/2"]
[WhiteElo "2547"]
[BlackElo "2509"]
[PlyCount "90"]
[EventDate "2018.01.12"]
[EventType "swiss"]
[EventRounds "9"]
[EventCountry "ESP"]
[SourceTitle "Ajedrez en Madrid"]
[Source "lmi"]
[SourceDate "2018.01.12"]
[SourceVersion "1"]
[SourceVersionDate "2018.01.25"]
[SourceQuality "1"]
[WhiteTeam "Lituania"]
[BlackTeam "Rusia"]
[WhiteTeamCountry "LTU"]
[BlackTeamCountry "RUS"]

1. d4 e6 2. c4 f5 3. g3 Nf6 4. Bg2 d5 5. Nf3 Bd6 6. O-O O-O 7. Qc2 c6 8. b3 b6
9. Ba3 Bxa3 10. Nxa3 Qe7 11. Qb2 Bb7 12. Rac1 Nbd7 13. Rfd1 Ne4 14. Nd2 c5 15.
e3 Ndf6 16. f3 Nxd2 17. Rxd2 Rac8 18. Re1 Rfd8 19. Rdd1 Rd7 20. cxd5 exd5 21.
Rc1 Ba6 22. Nc2 Rdc7 23. Rcd1 c4 24. bxc4 Rxc4 25. Rd2 Rc3 26. Kf2 Qd7 27. Nb4
Bb5 28. Rc2 Rxc2+ 29. Nxc2 Qc6 30. Na1 Bd3 31. Rd1 Qc3 32. Qd2 Bb5 33. Qxc3
Rxc3 34. Nb3 Bc4 35. Rc1 Rxc1 36. Nxc1 g5 37. Ke1 g4 38. Kd2 Kf7 39. a3 Ke6 40.
Nd3 Bxd3 41. Kxd3 Kd6 42. h3 b5 43. hxg4 fxg4 44. e4 gxf3 45. e5+ Kc6 1/2-1/2

[Event "Sevilla Open 2018"]
[Site "Sevilla ESP"]
[Date "2018.01.19"]
[Round "8.4"]
[White "Santos Latasa, Jaime"]
[Black "Vega Gutierrez, Sabrina"]
[Result "1/2-1/2"]
[WhiteElo "2546"]
[BlackElo "2427"]
[PlyCount "101"]
[EventDate "2018.01.12"]
[EventType "swiss"]
[EventRounds "9"]
[EventCountry "ESP"]
[SourceTitle "Ajedrez en Madrid"]
[Source "lmi"]
[SourceDate "2018.01.12"]
[SourceVersion "1"]
[SourceVersionDate "2018.01.25"]
[SourceQuality "1"]
[WhiteTeam "España"]
[BlackTeam "España"]
[WhiteTeamCountry "ESP"]
[BlackTeamCountry "ESP"]

1. d4 d5 2. c4 e6 3. Nf3 c6 4. e3 Bd6 5. b3 f5 6. Bd3 Nf6 7. O-O Qe7 8. Bb2 O-O
9. Qc1 b6 10. Ba3 c5 11. cxd5 Nxd5 12. dxc5 bxc5 13. Nc3 Nd7 14. Nxd5 exd5 15.
Qc2 Bb7 16. Qe2 Rae8 17. Ba6 Ba8 18. Rfe1 Kh8 19. Bb5 Rb8 20. Bd3 Qe6 21. Qc2
Qh6 22. h3 d4 23. Bxf5 Bxf3 24. Bxd7 Rbd8 25. Bf5 Qg5 26. Bg4 d3 27. Qd2 Bxg4
28. hxg4 Qxg4 29. f4 Be7 30. Qd1 Qf5 31. Qf3 d2 32. Red1 Bf6 33. Rab1 Qc2 34.
Qe2 Rfe8 35. Qc4 Qxc4 36. bxc4 Rxe3 37. Bxc5 Re4 38. Bxa7 Bc3 39. c5 Re1+ 40.
Kf2 Rxd1 41. Rxd1 Ra8 42. Bb6 Rxa2 43. c6 Rc2 44. c7 Bb4 45. Ke2 Kg8 46. Ra1
Rc1 47. Ra8+ Kf7 48. Rd8 Re1+ 49. Kf3 Rc1 50. Ke2 Re1+ 51. Kf3 1/2-1/2

[Event "Sevilla Open 2018"]
[Site "Sevilla ESP"]
[Date "2018.01.19"]
[Round "8.5"]
[White "Silva Lucena, Cristian"]
[Black "Saric, Ante"]
[Result "0-1"]
[WhiteElo "2301"]
[BlackElo "2537"]
[PlyCount "40"]
[EventDate "2018.01.12"]
[EventType "swiss"]
[EventRounds "9"]
[EventCountry "ESP"]
[SourceTitle "Ajedrez en Madrid"]
[Source "lmi"]
[SourceDate "2018.01.12"]
[SourceVersion "1"]
[SourceVersionDate "2018.01.25"]
[SourceQuality "1"]
[WhiteTeam "España"]
[BlackTeam "Croacia"]
[WhiteTeamCountry "ESP"]
[BlackTeamCountry "CRO"]

1. e4 e6 2. d4 d5 3. Nc3 Nf6 4. Bg5 dxe4 5. Nxe4 Nbd7 6. Nxf6+ Nxf6 7. Nf3 h6
8. Be3 Nd5 9. Bd2 c5 10. c4 Nf6 11. dxc5 Bxc5 12. b4 Be7 13. Qc2 b6 14. Bd3 Bb7
15. Ne5 O-O 16. O-O Bd6 17. Bc3 Rc8 18. Qe2 Nd5 19. cxd5 Rxc3 20. Nc6 Bxc6 0-1

[Event "Sevilla Open 2018"]
[Site "Sevilla ESP"]
[Date "2018.01.19"]
[Round "8.6"]
[White "Aroshidze, Levan"]
[Black "Martinez Martin, David"]
[Result "1/2-1/2"]
[WhiteElo "2516"]
[BlackElo "2399"]
[PlyCount "93"]
[EventDate "2018.01.12"]
[EventType "swiss"]
[EventRounds "9"]
[EventCountry "ESP"]
[SourceTitle "Ajedrez en Madrid"]
[Source "lmi"]
[SourceDate "2018.01.12"]
[SourceVersion "1"]
[SourceVersionDate "2018.01.25"]
[SourceQuality "1"]
[WhiteTeam "España"]
[BlackTeam "España"]
[WhiteTeamCountry "ESP"]
[BlackTeamCountry "ESP"]

1. e4 e5 2. Nf3 Nc6 3. Bb5 a6 4. Ba4 Nf6 5. O-O Be7 6. Re1 b5 7. Bb3 d6 8. c3
O-O 9. h3 Na5 10. Bc2 c5 11. d4 Nd7 12. Kh1 Bb7 13. d5 f5 14. exf5 Nf6 15. Nbd2
Bxd5 16. Nf1 Qd7 17. Ne3 Bxf3 18. Qxf3 d5 19. Rd1 e4 20. Bxe4 dxe4 21. Rxd7
exf3 22. Rxe7 fxg2+ 23. Kxg2 c4 24. Bd2 Rad8 25. Be1 Nd5 26. Nxd5 Rxd5 27. b4
Nc6 28. Re6 Ne5 29. Rxa6 Rxf5 30. a4 Rg5+ 31. Kf1 Nf3 32. Re6 bxa4 33. Re3 Rg1+
34. Ke2 Rxe1+ 35. Rxe1 Nxe1 36. Kxe1 Rd3 37. Re8+ Kf7 38. Ra8 Rxh3 39. Rxa4
Rxc3 40. b5 h5 41. b6 Rb3 42. Rxc4 Rxb6 43. Kf1 Kf6 44. Kg2 g5 45. Rc5 Re6 46.
f4 gxf4 47. Rxh5 1/2-1/2

[Event "Sevilla Open 2018"]
[Site "Sevilla ESP"]
[Date "2018.01.19"]
[Round "8.7"]
[White "Pap, Misa"]
[Black "Ondersteijn, Niels"]
[Result "1-0"]
[WhiteElo "2491"]
[BlackElo "2370"]
[PlyCount "73"]
[EventDate "2018.01.12"]
[EventType "swiss"]
[EventRounds "9"]
[EventCountry "ESP"]
[SourceTitle "Ajedrez en Madrid"]
[Source "lmi"]
[SourceDate "2018.01.12"]
[SourceVersion "1"]
[SourceVersionDate "2018.01.25"]
[SourceQuality "1"]
[WhiteTeam "Serbia"]
[BlackTeam "Holanda"]
[WhiteTeamCountry "SRB"]
[BlackTeamCountry "NED"]

1. e4 e5 2. Nf3 d6 3. d4 exd4 4. Qxd4 a6 5. Bf4 Nc6 6. Qd2 Nf6 7. Nc3 Be7 8.
O-O-O O-O 9. h3 b5 10. Bd3 Nb4 11. Be2 Bb7 12. a3 Nc6 13. g4 b4 14. axb4 a5 15.
b5 Nb4 16. Qe3 a4 17. Nd4 a3 18. b3 Nxe4 19. Nxe4 Nd5 20. Qg3 Nxf4 21. Qxf4
Bxe4 22. Qxe4 Re8 23. Qf3 c5 24. bxc6 Qa5 25. c3 Bf6 26. Kc2 a2 27. Bc4 Bxd4
28. cxd4 d5 29. Bxd5 Red8 30. Bc4 Qb6 31. d5 Qc5 32. Qe3 Qd6 33. Rhe1 Qf6 34.
Qc3 Qxf2+ 35. Re2 Qf4 36. Kb2 h6 37. Ka1 1-0

[Event "Sevilla Open 2018"]
[Site "Sevilla ESP"]
[Date "2018.01.19"]
[Round "8.8"]
[White "Campora, Daniel H"]
[Black "Matamoros Franco, Carlos S"]
[Result "1/2-1/2"]
[WhiteElo "2417"]
[BlackElo "2484"]
[PlyCount "60"]
[EventDate "2018.01.12"]
[EventType "swiss"]
[EventRounds "9"]
[EventCountry "ESP"]
[SourceTitle "Ajedrez en Madrid"]
[Source "lmi"]
[SourceDate "2018.01.12"]
[SourceVersion "1"]
[SourceVersionDate "2018.01.25"]
[SourceQuality "1"]
[WhiteTeam "Argentina"]
[BlackTeam "Ecuador"]
[WhiteTeamCountry "ARG"]
[BlackTeamCountry "ECU"]

1. Nf3 c5 2. c3 d5 3. d4 cxd4 4. cxd4 Nf6 5. Nc3 Nc6 6. Bf4 Nh5 7. Bc1 Nf6 8.
Bf4 Nh5 9. Bc1 Nf6 10. Bf4 Bf5 11. e3 e6 12. Bd3 Bxd3 13. Qxd3 Bd6 14. Bxd6
Qxd6 15. O-O O-O 16. Rfc1 Rfc8 17. a3 a6 18. Rc2 Rc7 19. Rac1 Rac8 20. Ne2 Ne7
21. Rxc7 Rxc7 22. Rxc7 Qxc7 23. Qc3 Qxc3 24. Nxc3 Nc6 25. Kf1 Kf8 26. Ke2 Ke7
27. h3 h6 28. Kd3 Kd6 29. g3 g6 30. g4 g5 1/2-1/2

[Event "Sevilla Open 2018"]
[Site "Sevilla ESP"]
[Date "2018.01.19"]
[Round "8.9"]
[White "Xu, Yi"]
[Black "Pogorelov, Ruslan"]
[Result "1/2-1/2"]
[WhiteElo "2482"]
[BlackElo "2358"]
[PlyCount "148"]
[EventDate "2018.01.12"]
[EventType "swiss"]
[EventRounds "9"]
[EventCountry "ESP"]
[SourceTitle "Ajedrez en Madrid"]
[Source "lmi"]
[SourceDate "2018.01.12"]
[SourceVersion "1"]
[SourceVersionDate "2018.01.25"]
[SourceQuality "1"]
[WhiteTeam "China"]
[BlackTeam "Ucrania"]
[WhiteTeamCountry "CHN"]
[BlackTeamCountry "UKR"]

1. e4 c6 2. d4 d5 3. e5 Bf5 4. Nf3 e6 5. Be2 Nd7 6. O-O Bg6 7. Nbd2 Nh6 8. Nb3
Nf5 9. a4 a6 10. a5 Rc8 11. c3 c5 12. dxc5 Bxc5 13. Nbd4 O-O 14. Bd3 Nxd4 15.
cxd4 Ba7 16. Bxg6 fxg6 17. Be3 Nb8 18. Bd2 Nc6 19. Bc3 Qd7 20. Ne1 g5 21. Nc2
h6 22. Qd2 Qf7 23. Kh1 Qf4 24. Qd3 Ne7 25. Ne3 Nf5 26. Rad1 g4 27. Nxf5 Qxf5
28. Qe2 Qg6 29. Qe3 Rf7 30. Rc1 Rc4 31. Rcd1 Rf5 32. Qg3 Qh5 33. Rd3 Bb8 34.
Kg1 Bc7 35. f3 gxf3 36. Rdxf3 Rxf3 37. Rxf3 Qg5 38. Qxg5 hxg5 39. b3 Rc6 40.
Bb4 Kh7 41. Rf7 Kg6 42. Rd7 Kf5 43. Rxg7 Ke4 44. Rxg5 Kxd4 45. Ba3 Ke4 46. h4
Bxe5 47. h5 Bf4 48. Rg6 d4 49. h6 d3 50. Bb4 d2 51. Bxd2 Bxd2 52. h7 Bc3 53.
Rg8 Rc5 54. h8=Q Bxh8 55. Rxh8 Rxa5 56. Rh6 Re5 57. Kf2 Kd4 58. g4 a5 59. Rh4
Re4 60. Rh7 Rxg4 61. Rxb7 Kc5 62. Ke2 Rb4 63. Ra7 Rb5 64. Re7 Rb6 65. Kd2 Kb4
66. Kc2 Ka3 67. Ra7 Rc6+ 68. Kd3 Rc5 69. Rb7 e5 70. Ke4 Kb2 71. Rb8 Ka3 72. Rb7
Rc3 73. Rb5 Rxb3 74. Rxa5+ Kb2 1/2-1/2

[Event "Sevilla Open 2018"]
[Site "Sevilla ESP"]
[Date "2018.01.19"]
[Round "8.10"]
[White "Diaz Castro, Sergio"]
[Black "Anurag, Mhamal"]
[Result "0-1"]
[WhiteElo "2263"]
[BlackElo "2472"]
[PlyCount "46"]
[EventDate "2018.01.12"]
[EventType "swiss"]
[EventRounds "9"]
[EventCountry "ESP"]
[SourceTitle "Ajedrez en Madrid"]
[Source "lmi"]
[SourceDate "2018.01.12"]
[SourceVersion "1"]
[SourceVersionDate "2018.01.25"]
[SourceQuality "1"]
[WhiteTeam "España"]
[BlackTeam "India"]
[WhiteTeamCountry "ESP"]
[BlackTeamCountry "IND"]

1. e4 e6 2. d4 d5 3. Nc3 Bb4 4. e5 c5 5. Bd2 cxd4 6. Nb5 Bc5 7. Qg4 Kf8 8. Nf3
Nc6 9. O-O-O Qb6 10. Qf4 Bd7 11. Ng5 Nh6 12. Bd3 Rc8 13. h4 a6 14. Nd6 Bxd6 15.
exd6 e5 16. Qg3 Nf5 17. Bxf5 Bxf5 18. Qb3 Qxb3 19. axb3 f6 20. Nh3 Kf7 21. f3
Na5 22. Bxa5 Rxc2+ 23. Kb1 Rc5+ 0-1

[Event "Sevilla Open 2018"]
[Site "Sevilla ESP"]
[Date "2018.01.19"]
[Round "8.11"]
[White "Pulvett Marin, Daniel"]
[Black "Bjerre, Jonas Buhl"]
[Result "0-1"]
[WhiteElo "2438"]
[BlackElo "2367"]
[PlyCount "54"]
[EventDate "2018.01.12"]
[EventType "swiss"]
[EventRounds "9"]
[EventCountry "ESP"]
[SourceTitle "Ajedrez en Madrid"]
[Source "lmi"]
[SourceDate "2018.01.12"]
[SourceVersion "1"]
[SourceVersionDate "2018.01.25"]
[SourceQuality "1"]
[WhiteTeam "Venezuela"]
[BlackTeam "Dinamarca"]
[WhiteTeamCountry "VEN"]
[BlackTeamCountry "DEN"]

1. e4 c5 2. Nf3 e6 3. d4 cxd4 4. Nxd4 Nc6 5. Nc3 Qc7 6. f4 a6 7. Nxc6 Qxc6 8.
Bd3 b5 9. Qe2 Bb7 10. Bd2 Rc8 11. a3 Bc5 12. O-O-O Ne7 13. Rhe1 O-O 14. Qh5 g6
15. Qh6 Bd4 16. Ne2 Bg7 17. Qh4 f5 18. e5 Nd5 19. Kb1 Qb6 20. c3 a5 21. Rc1 b4
22. axb4 axb4 23. c4 Qa7 24. Rcd1 b3 25. Nc3 Ra8 26. Kc1 Nb4 27. Bb1 Qa1 0-1

[Event "Sevilla Open 2018"]
[Site "Sevilla ESP"]
[Date "2018.01.19"]
[Round "8.12"]
[White "Vasquez Schroeder, Rodrigo"]
[Black "Veiga, Jose Francisco R P "]
[Result "1-0"]
[WhiteElo "2554"]
[BlackElo "2222"]
[PlyCount "229"]
[EventDate "2018.01.12"]
[EventType "swiss"]
[EventRounds "9"]
[EventCountry "ESP"]
[SourceTitle "Ajedrez en Madrid"]
[Source "lmi"]
[SourceDate "2018.01.12"]
[SourceVersion "1"]
[SourceVersionDate "2018.01.25"]
[SourceQuality "1"]
[WhiteTeam "Chile"]
[BlackTeam "Portugal"]
[WhiteTeamCountry "CHI"]
[BlackTeamCountry "POR"]

1. e4 c5 2. Nf3 Nc6 3. d4 cxd4 4. Nxd4 g6 5. c4 Bg7 6. Be3 Nf6 7. Nc3 O-O 8.
Be2 Nxd4 9. Bxd4 d6 10. O-O Bd7 11. Qd3 Bc6 12. b4 b6 13. a3 Rc8 14. Rac1 Bb7
15. f3 Ba6 16. Nb5 Bxb5 17. cxb5 Qd7 18. Be3 Rfd8 19. f4 Rxc1 20. Rxc1 Rc8 21.
Rxc8+ Qxc8 22. Bf3 Qc7 23. Kf1 Nd7 24. Ke2 Bb2 25. Kd1 Nf8 26. Qc2 Qc3 27. Qxc3
Bxc3 28. Kc2 Bf6 29. a4 e6 30. a5 Bd8 31. Kd3 Nd7 32. a6 Kg7 33. g3 h6 34. Bd2
Bf6 35. Be3 Bd8 36. Bf2 Bc7 37. Bd4+ Nf6 38. Bc3 e5 39. Bd2 Ng8 40. fxe5 dxe5
41. Bg4 Kf8 42. Kc4 Ke8 43. Bh3 g5 44. Be3 Ne7 45. Bg4 Kd8 46. h4 f6 47. Be6
Bb8 48. Bf7 Kd7 49. Bh5 Kd6 50. Kd3 Bc7 51. Ke2 Bd8 52. Kf3 Ke6 53. Be8 gxh4
54. g4 Nc8 55. Bxh6 Be7 56. Bd2 Kd6 57. Be1 Kc7 58. Bxh4 Nd6 59. Bc6 Nf7 60.
Be1 Ng5+ 61. Ke3 Ne6 62. Kd3 Nd4 63. Kc4 Nf3 64. Bg3 Kd6 65. Be8 Ke6 66. Bc6
Kd6 67. Bf2 Bd8 68. Be8 Ng5 69. Bg6 Ne6 70. Bf5 Nc7 71. Be3 Ne6 72. Bh6 Be7 73.
Bxe6 Kxe6 74. Be3 Bd8 75. Bd2 Be7 76. Bc1 Bd8 77. Be3 Kd6 78. Bh6 Be7 79. Kd3
Ke6 80. Ke2 Kd7 81. Be3 Bd8 82. g5 fxg5 83. Kf3 Ke6 84. Kg4 Bc7 85. Kxg5 Bd8+
86. Kg6 Bc7 87. Bg5 Bb8 88. Kg7 Bc7 89. Kf8 Bd6+ 90. Ke8 Bc7 91. Be3 Kd6 92.
Kf7 Bd8 93. Ke8 Bc7 94. Bg5 Ke6 95. Bh4 Kd6 96. Kf7 Kd7 97. Bg3 Bd6 98. Kf6
Be7+ 99. Kf5 Bxb4 100. Bxe5 Kc8 101. Ke6 Be7 102. Bd4 Bg5 103. Kf7 Bd8 104. e5
Bc7 105. e6 Bd6 106. e7 Bxe7 107. Kxe7 Kb8 108. Kd6 Ka8 109. Kc6 Kb8 110. Bxb6
Ka8 111. Kc7 axb6 112. Kxb6 Kb8 113. a7+ Ka8 114. Kc7 Kxa7 115. b6+ 1-0

[Event "Sevilla Open 2018"]
[Site "Sevilla ESP"]
[Date "2018.01.19"]
[Round "8.13"]
[White "Esquivias Quintero, Luis Manuel"]
[Black "Ulybin, Mikhail"]
[Result "1-0"]
[WhiteElo "2222"]
[BlackElo "2519"]
[PlyCount "87"]
[EventDate "2018.01.12"]
[EventType "swiss"]
[EventRounds "9"]
[EventCountry "ESP"]
[SourceTitle "Ajedrez en Madrid"]
[Source "lmi"]
[SourceDate "2018.01.12"]
[SourceVersion "1"]
[SourceVersionDate "2018.01.25"]
[SourceQuality "1"]
[WhiteTeam "España"]
[BlackTeam "Rusia"]
[WhiteTeamCountry "ESP"]
[BlackTeamCountry "RUS"]

1. e4 e6 2. d4 d5 3. Nd2 Nf6 4. e5 Nfd7 5. c3 c5 6. Bd3 Nc6 7. Ngf3 cxd4 8.
cxd4 f6 9. exf6 Nxf6 10. O-O Bd6 11. b3 O-O 12. Bb2 Bd7 13. a3 Qb6 14. Ne5 Be8
15. Ndf3 Bh5 16. Qe1 Rae8 17. Qe3 Bxf3 18. Nxf3 Ng4 19. Qg5 Nh6 20. b4 Rxf3 21.
gxf3 Rf8 22. Qe3 Rf6 23. Rad1 Bf4 24. Qe2 Nf7 25. b5 Ne7 26. Bc1 Bxc1 27. Rxc1
Ng5 28. f4 Rxf4 29. f3 Rxd4 30. Kh1 Qd6 31. Qe3 Rf4 32. Qc5 Qxc5 33. Rxc5 Kf7
34. Rc7 Rd4 35. Bb1 Ra4 36. f4 Nh3 37. Rf3 Nxf4 38. Bc2 Rd4 39. Rxb7 Kf6 40.
Rxa7 Neg6 41. Rf1 Ne5 42. b6 g5 43. b7 Nd7 44. Ba4 1-0

[Event "Sevilla Open 2018"]
[Site "Sevilla ESP"]
[Date "2018.01.19"]
[Round "8.14"]
[White "Bubalovic, Davorin"]
[Black "Larino Nieto, David"]
[Result "0-1"]
[WhiteElo "2203"]
[BlackElo "2464"]
[PlyCount "80"]
[EventDate "2018.01.12"]
[EventType "swiss"]
[EventRounds "9"]
[EventCountry "ESP"]
[SourceTitle "Ajedrez en Madrid"]
[Source "lmi"]
[SourceDate "2018.01.12"]
[SourceVersion "1"]
[SourceVersionDate "2018.01.25"]
[SourceQuality "1"]
[WhiteTeam "Croacia"]
[BlackTeam "España"]
[WhiteTeamCountry "CRO"]
[BlackTeamCountry "ESP"]

1. e4 g6 2. d4 Bg7 3. Nc3 c6 4. Nf3 d5 5. e5 Nh6 6. Bf4 f6 7. Qd2 g5 8. Bg3 Nf5
9. Bd3 Na6 10. Ne2 g4 11. Nh4 Bh6 12. Qc3 Nxg3 13. hxg3 fxe5 14. dxe5 Qb6 15.
f4 Nb4 16. Nd4 Nxd3+ 17. Qxd3 c5 18. Ndf5 Bf8 19. Qxd5 Be6 20. Qe4 O-O-O 21.
O-O Bd5 22. Qe2 e6 23. c4 Bc6 24. Ne3 Rg8 25. f5 Be4 26. Rad1 Rd4 27. Nc2 Rxd1
28. Rxd1 exf5 29. Ne3 Qe6 30. Rf1 Rg5 31. Nd5 Qxe5 32. Rf4 Bg7 33. Nxf5 Bxd5
34. Qxe5 Bxe5 35. Ne7+ Kd7 36. Nxd5 Bxf4 37. gxf4 Rf5 38. Kf2 h5 39. Kg3 Ke6
40. Ne3 Rf7 0-1

[Event "Sevilla Open 2018"]
[Site "Sevilla ESP"]
[Date "2018.01.20"]
[Round "9.1"]
[White "Lei, Tingjie"]
[Black "Dvirnyy, Danyyil"]
[Result "1-0"]
[WhiteElo "2531"]
[BlackElo "2534"]
[PlyCount "63"]
[EventDate "2018.01.12"]
[EventType "swiss"]
[EventRounds "9"]
[EventCountry "ESP"]
[SourceTitle "Ajedrez en Madrid"]
[Source "lmi"]
[SourceDate "2018.01.12"]
[SourceVersion "1"]
[SourceVersionDate "2018.01.25"]
[SourceQuality "1"]
[WhiteTeam "China"]
[BlackTeam "Italia"]
[WhiteTeamCountry "CHN"]
[BlackTeamCountry "ITA"]

1. e4 c6 2. d4 d5 3. e5 Bf5 4. h4 h5 5. Bd3 Bxd3 6. Qxd3 Qa5+ 7. Nd2 e6 8. Ne2
Qa6 9. Qf3 c5 10. c4 dxc4 11. d5 exd5 12. Qxd5 Ne7 13. Qxc5 Nd7 14. Qxc4 Nxe5
15. Qxa6 bxa6 16. Ng3 Nd3+ 17. Ke2 Rd8 18. Nc4 Nxc1+ 19. Rhxc1 Rh6 20. Kf1 Rc6
21. b3 g6 22. Re1 Bg7 23. Rad1 Bd4 24. Rd3 Rf6 25. Re2 Rd5 26. Red2 Nc6 27. f3
Rd8 28. Ne2 Bb6 29. Rxd8+ Bxd8 30. Nd6+ Kf8 31. Ne4 Rf5 32. Rd6 1-0

[Event "Sevilla Open 2018"]
[Site "Sevilla ESP"]
[Date "2018.01.20"]
[Round "9.2"]
[White "Swayams, Mishra"]
[Black "Saric, Ante"]
[Result "1/2-1/2"]
[WhiteElo "2432"]
[BlackElo "2537"]
[PlyCount "62"]
[EventDate "2018.01.12"]
[EventType "swiss"]
[EventRounds "9"]
[EventCountry "ESP"]
[SourceTitle "Ajedrez en Madrid"]
[Source "lmi"]
[SourceDate "2018.01.12"]
[SourceVersion "1"]
[SourceVersionDate "2018.01.25"]
[SourceQuality "1"]
[WhiteTeam "India"]
[BlackTeam "Croacia"]
[WhiteTeamCountry "IND"]
[BlackTeamCountry "CRO"]

1. d4 Nf6 2. c4 e6 3. Nc3 d5 4. Nf3 c5 5. cxd5 Nxd5 6. e4 Nxc3 7. bxc3 cxd4 8.
cxd4 Bb4+ 9. Bd2 Bxd2+ 10. Qxd2 O-O 11. Bc4 Nd7 12. O-O b6 13. Rfe1 Bb7 14. d5
exd5 15. Bxd5 Nc5 16. Bxb7 Qxd2 17. Nxd2 Nxb7 18. Nb3 Rfd8 19. Rac1 Rac8 20. f3
g6 21. Kf2 Nc5 22. Nxc5 bxc5 23. Re2 Rd4 24. Rec2 Ra4 25. Rxc5 Rxc5 26. Rxc5
Rxa2+ 27. Kg3 h5 28. h4 Kg7 29. e5 Kf8 30. Rc7 Re2 31. Rxa7 Rxe5 1/2-1/2